000
00339nam a22001457a 4500
008
211011b ||||| |||| 00| 0 eng d
020
_a
9781572301863
041
_a
eng
080
_a
612.39
082
_a
612.39
100
_a
10
101
_a
NUT
245
_a
Handbook of Treatment for Eating Disorders
_c
Garner,D.M
942
_2
udc
_c
BK
999
_c
58146
_d
58146